| 000 | 00660nam a2200181Ia 4500 | ||
|---|---|---|---|
| 008 | 090123s9999 xx 000 0 und d | ||
| 082 |
_b1645 _a923.254/गांधी |
||
| 100 | _aगांधी महात्मा | ||
| 245 | _aगोखले माझे राजकीय गुरु | ||
| 250 | _a1 | ||
| 260 | _bविश्वकर्मा मु. | ||
| 300 | _a89 | ||
| 600 | _aगांधी महात्मा | ||
| 630 | _aगोखले माझे राजकीय गुरु | ||
| 700 | _aगांधी महात्मा | ||
| 730 | _aगोखले माझे राजकीय गुरु | ||
| 942 | _cBOOK | ||
| 999 |
_c39727 _d39727 |
||